British Armed Forces Mottos - Statistics

General Stats
  • This quiz has been taken 8 times
    7 since last reset
  • The average score is 4 of 15
Answer Stats
Organisation Motto % Correct
British Army Be the Best
71%
Special Air Service Who Dares Wins
57%
Special Boat Service By Strength and Guile
29%
The Rifles Celer et Audax (Swift and Bold)
29%
The Royal Lancers Death or Glory
29%
Royal Military Academy Sandhurst Serve to Lead
29%
The Royal Gurkha Rifles Kaathar Hunnu Bhanda Marnu Ramro (Better to die than live like a coward)
14%
Britannia Royal Naval College, Dartmouth Palmam Qui Meruit Ferat (Let whoever earns the palm bear it)
14%
Royal Air Force Per Ardua Ad Astra (Through adversity to the stars)
14%
Royal Marines Per Mare Per Terram (By sea, by land)
14%
Royal Navy Si vis pacem, para bellum (If you want peace, prepare for war)
14%
Mercian Regiment Stand Firm Strike Hard
14%
Royal Regiment of Artillery Ubique (Everywhere)
14%
Royal Engineers Ubique (Everywhere)
14%
Parachute Regiment Utrinque Paratus (Ready for anything)
14%
No matching quizzes found
Score Distribution
Percent of People with Each Score
Percentile by Number Answered
Your Score History
You have not taken this quiz since the last reset